Регионална библиотека "Любен Каравелов" - Русе

С ръка на сърцето (Запис номер 175632)

MARC детайли
000 -Лидер
Контролно поле с фиксирана дължина 01412nam a2200385 a 4500
003 - Код на организацията, давaща контролен номер
Контролно поле BLK
005 - Дата и час на последна редакция
Контролно поле 20250730131311.0
008 - Елементи от данни с фиксирана дължина
fixed length control field 180411b bul|||||r ||||||| ||bul||
010 ## - Наследен системен номер
LC control number KNG00184226000
020 ## - Международен стандартен номер на книга ISBN
Международен стандартен номер на книга ISBN 978-954-389-362-1
040 ## - Източник на каталожния запис
Идентификатор на билиотеката - собственик на записа BLK
041 ## - Код за език
Код за езика на текст/звукозапис или на отделно заглавие Български
Код за езика КДБФ Български
072 #7 - Код за тематичната категория
Код организация bullib
Код за тематична категория Н83
Текст Чужда художествена литература Н
080 ## - УДК
Текстов определител УДК Американска литература (на САЩ)
УДК код - определител по УДК 821.111(73)
УДК определител -312.4
УДК - код + определител 821.111(73)-312.4
100 1# - Редна дума - Автор
Автор Дивър, Джефри Уилдс
Авторска отговорност първи автор
R(LIN) 366681
139 ## - Редно поле
Редна дума Дивър, Джефри Уилдс
Авторски знак Ди - Д 53
245 10 - Сведения за заглавието
Заглавие С ръка на сърцето
Подзаглавни данни Роман
Редно поле (дума) Джефри Уилдс Дивър; прев. от англ. Марин Загорчев.
257 ## - Страна на издаване
Страна на създаване/издаване Съединени американски щати
260 ## - Област на издателските данни
Място на издаване, разпространение и проч. София
Име на издателя, разпространителя и проч. Ера
Година на издаване 2015
300 ## - Физическа характеристика
Страници 404 с.
Размери/Мащаб 20 см
380 ## - Жанр
Жанр Худож. лит.
490 ## - СЕРИИ (Колекции)
9 (RLIN) 201572
Име на серия Ератрилър
500 ## - Общи забележки
Забележка Ориг. загл. Solitude Creek / Jeffery Deaver.
653 ## - Ключова дума – ненормативна
Ключова дума трилъри
653 ## - Ключова дума – ненормативна
Ключова дума романи
659 ## - Тематичен бюлетин
Тематичен бюлетин Н
700 ## - Други автори (авторска отговорност)
Лично име Загорчев, Марин Иванов
Дати, свързани с автора 1972-
9 (RLIN) 368351
852 ## - Местоположение
Форматна сигнатура Цб 277741
856 4# - Електронен адрес и достъп
Електронен формат pdf - файл
856 4# - Електронен адрес и достъп
Електронен формат pdf - файл
999 ## - СИСТЕМНИ КОНТРОЛНИ НОМЕРА
Koha biblionumber 175632
Koha biblioitemnumber 175632
942 ## - АРТИКУЛИ
Вид на библиотечния материал Книги
Скрит в OPAC Не
Koha issues (borrowed), all copies 123
Периодичен библиозапис Да
944 ## - СЪЗДАВАНЕ И РЕДАКЦИЯ на ЗАПИСА
Създаване/Редакция Създаване
Дата на регистрацията/редакция 28.10.2015
Статус, дата на статуса Мартин Енчев
Служител, извършил регистрацията/редакцията 30575
944 ## - СЪЗДАВАНЕ И РЕДАКЦИЯ на ЗАПИСА
Създаване/Редакция Редакция
Дата на регистрацията/редакция 10.01.2017
Статус, дата на статуса ф /
Служител, извършил регистрацията/редакцията Кристиан_Гайдаров
999 ## - СИСТЕМНИ КОНТРОЛНИ НОМЕРА
Koha biblioitemnumber 175632
Наличности
Код за отписване Код за изгубен артикул Източник на класификационната схема Код за повреда Коз за рестрикции Код за отдаване Артикулен № Име на библиотеката - собственик Име на библиотеката, в която се намира в момента Статус (Текущо местоположение) Дата на вписване в системата Местоположение - отдел Цена в лева Инвентарен номер Систематично азбучна сигнатура Баркод Номер на екземпляра Цена в евро Служебна бележка Служебен тип на артикула
Изтеглен Не е изгубен Universal Decimal Classification Не е повреден без рестрикции заемане за дома 302306 Регионална библиотека "Любен Каравелов" Русе Регионална библиотека "Любен Каравелов" Русе Заемна - подръчен фонд 2015-10-28 Заемна - подръчен фонд 12.48 120000794182 П 820(73)-31/Д 53 120000794182 1 6.38 Дост: Pk Вид: Ф N: 551 Дата: 15.10.2015 Дата инв: 14.03.2018 Бележки инв: П2018 Книги
Изтеглен Не е изгубен   Не е повреден без рестрикции заемане за дома 302307 Регионална библиотека "Любен Каравелов" Русе Регионална библиотека "Любен Каравелов" Русе Заемна - подръчен фонд 2016-04-28 Заемна - подръчен фонд 8.00 120000799921 П 820(73)-31/Д 53 120000799921 2 4.09 Дост: Pk Вид: Ф N: 9852 Дата: 25.04.2016 Дата инв: 17.02.2018 Бележки инв: П2018 Книги
  Не е изгубен   Не е повреден без рестрикции ползва се в читалня 302308 Регионална библиотека "Любен Каравелов" Русе Регионална библиотека "Любен Каравелов" Русе Хранилище 2017-01-09 Хранилище 16.00 120000807465 Цб 277741 120000807465 3 8.18 Дост: Dp Вид: Д N: 51 Дата: 02.12.2016 Книги
  Не е изгубен Universal Decimal Classification Не е повреден без рестрикции заемане за дома 830049 Регионална библиотека "Любен Каравелов" Русе Регионална библиотека "Любен Каравелов" Русе Заемна - подръчен фонд 2021-05-17 Заемна - подръчен фонд 16.00   821-31/Д 53 Д 120000855114   8.18   Книги
  Не е изгубен Universal Decimal Classification Не е повреден без рестрикции заемане за дома 830050 Регионална библиотека "Любен Каравелов" Русе Регионална библиотека "Любен Каравелов" Русе Заемна - подръчен фонд 2021-05-17 Заемна - подръчен фонд 16.00   821-31/Д 53 Д 120000855113   8.18   Книги
  Не е изгубен Universal Decimal Classification Не е повреден без рестрикции заемане за дома 882338 Регионална библиотека "Любен Каравелов" Русе Регионална библиотека "Любен Каравелов" Русе Заемна - подръчен фонд 2022-04-21 Заемна - подръчен фонд 16.00   821-31/Д 53 Д 120000871312   8.18   Книги
  Не е изгубен Universal Decimal Classification Не е повреден без рестрикции заемане за дома 882339 Регионална библиотека "Любен Каравелов" Русе Регионална библиотека "Любен Каравелов" Русе Заемна - подръчен фонд 2022-04-21 Заемна - подръчен фонд 16.00   821-31/Д 53 Д 120000871310   8.18   Книги
  Не е изгубен Universal Decimal Classification Не е повреден без рестрикции заемане за дома 882340 Регионална библиотека "Любен Каравелов" Русе Регионална библиотека "Любен Каравелов" Русе Заемна - подръчен фонд 2022-04-21 Заемна - подръчен фонд 16.00   821-31/Д 53 Д 120000871311   8.18   Книги
Vip Innovations Ltd, Rousse, Bulgaria 2025